000 00626nam a22001817a 4500
005 20170706101429.0
020 _a9788121935876
_c1150.00
035 _aB-668093
037 _bTechniz Books/Ven
_adpl
082 _a621
100 _aSadhu Singh
245 _aHandbook of mechanical engineering /
_cby Sadhu Singh
260 _c2011
_aNew Delhi
_bS. Chand
270 _a7361, Ram Nagar,
_bNew Delhi
_e110055
300 _c23cm(Hb
_axvi,2326p. :
_bill.
942 _cEN
_2ddc
_mSAD
_h621
999 _c142318
_d142318